000 00407 a2200157 4500
020 _a 0415079195
040 _aDLC
_bDLC
082 _a 149.73
100 _aRussell, Bertrand
245 _aSceptical essays
_c Bertrand Russell,
260 _aNew York:
_bRoutledge,
_c1996
300 _a189 p. ;
_c20 cm.
500 _aIncludes Index
650 _a1.Skepticism.2.Social ethics.
942 _cBK
_k149.73 RUS
_2ddc
999 _c7040
_d7040